[Event "Paracin Summer op-B 11th"]
[Site "Paracin"]
[Date "2018.07.11"]
[Round "7"]
[White "Jakovljevic, Dejan"]
[Black "Shoshin, Kirill"]
[Result "0-1"]
[WhiteElo "1969"]
[BlackElo "1875"]
[PlyCount "78"]
[EventDate "2018.07.06"]
[EventType "swiss"]
[EventRounds "9"]
[EventCountry "SRB"]
[SourceTitle "EXT 2019"]
[Source "ChessBase"]
[SourceDate "2018.10.10"]
[SourceVersion "1"]
[SourceVersionDate "2018.10.10"]
[SourceQuality "1"]

1. e4 e6 2. f4 d5 3. e5 c5 4. Nf3 f5 5. c3 Nc6 6. Na3 Qb6 7. Nc2 c4 8. d4 Bd7 9. g3 Be7 10. Ne3 Qc7 11. Qe2 Nh6 12. Bh3 0-0-0 13. Bd2 Be8 14. b3 b5 15. bxc4 bxc4 16. Rb1 Bh5 17. 0-0 Rhg8 18. Bg2 g5 19. fxg5 Bxg5 20. Nxc4 Bxf3 21. Qxf3 Nf7 22. Rb5 dxc4 23. Rc5 Rd5 24. Rxd5 exd5 25. Bxg5 Rxg5 26. Qxd5 Nfd8 27. Qxc4 Nb8 28. Qd3 Nd7 29. Qa6+ Kb8 30. Rb1+ Nb6 31. c4 Qd7 32. d5 Qc7 33. d6 Qc5+ 34. Kh1 f4 35. Qb5 Rxe5 36. Qd7 Re1+ 37. Rxe1 Nxd7 38. Re8 Qxd6 39. Rxd8+ Kc7 0-1

[Event "Paracin Summer op-B 11th"]
[Site "Paracin"]
[Date "2018.07.07"]
[Round "2"]
[White "Dimitrijevic, Andjela"]
[Black "Jakovljevic, Dejan"]
[Result "0-1"]
[WhiteElo "1762"]
[BlackElo "1969"]
[PlyCount "52"]
[EventDate "2018.07.06"]
[EventType "swiss"]
[EventRounds "9"]
[EventCountry "SRB"]
[SourceTitle "EXT 2019"]
[Source "ChessBase"]
[SourceDate "2018.10.10"]
[SourceVersion "1"]
[SourceVersionDate "2018.10.10"]
[SourceQuality "1"]

1. e4 e6 2. d3 d5 3. Qe2 Nf6 4. Nf3 Nc6 5. g3 dxe4 6. dxe4 e5 7. Bg2 Bc5 8. 0-0 0-0 9. c3 a5 10. a4 Qe7 11. Na3 Bg4 12. Qc2 Rfd8 13. Nc4 Rd7 14. Be3 Rad8 15. Bxc5 Qxc5 16. Ne3 Bh5 17. Nh4 Rd2 18. Qb3 Be2 19. Rfc1 Bd3 20. Nf3 Rxf2 21. Kxf2 Ng4+ 22. Kg1 Qxe3+ 23. Kh1 Nf2+ 24. Kg1 Nh3+ 25. Kh1 Qg1+ 26. Rxg1 Nf2# 0-1

[Event "SRB-chT2 East"]
[Site "Serbia"]
[Date "2017.10.07"]
[Round "9.2"]
[White "Mincic, Srbislav"]
[Black "Jakovljevic, Dejan"]
[Result "1-0"]
[WhiteElo "2191"]
[BlackElo "2064"]
[PlyCount "67"]
[EventDate "2017.09.08"]
[EventType "team-tourn"]
[EventRounds "11"]
[EventCountry "SRB"]
[SourceTitle "EXT 2022"]
[Source "ChessBase"]
[SourceDate "2021.10.06"]
[SourceVersion "1"]
[SourceVersionDate "2021.10.06"]
[SourceQuality "1"]

1. e4 e6 2. Nf3 d5 3. exd5 exd5 4. d4 Nc6 5. Bb5 a6 6. Bxc6+ bxc6 7. 0-0 Bd6 8. Ne5 Ne7 9. Bg5 f6 10. Bxf6 Bxe5 11. Qh5+ Kf8 12. Bxe5 Bf5 13. Qg5 Bg6 14. Re1 Nf5 15. Qf4 Kg8 16. Bxc7 Qh4 17. Qxh4 Nxh4 18. Nd2 Kf7 19. c3 Rhe8 20. g3 Nf5 21. Nf3 Rxe1+ 22. Rxe1 Re8 23. Rxe8 Kxe8 24. Ne5 Ne7 25. Bd6 Bb1 26. a3 Ng6 27. f4 Nxe5 28. dxe5 Kf7 29. Kf2 Kg6 30. g4 Kf7 31. f5 g6 32. e6+ Kg7 33. Be5+ Kf8 34. f6 1-0

[Event "Belgrade Jezero op"]
[Site "Belgrade"]
[Date "2017.08.06"]
[Round "2"]
[White "Jakovljevic, Dejan"]
[Black "Milosevic, Milos"]
[Result "1-0"]
[WhiteElo "2068"]
[BlackElo "2291"]
[PlyCount "98"]
[EventDate "2017.08.05"]
[EventType "swiss"]
[EventRounds "9"]
[EventCountry "SRB"]
[SourceTitle "CBM 180 Extra"]
[Source "ChessBase"]
[SourceDate "2017.10.06"]
[SourceVersion "1"]
[SourceVersionDate "2017.10.06"]
[SourceQuality "1"]

1. e4 c5 2. Nf3 Nc6 3. Bb5 g6 4. c3 Nf6 5. e5 Nd5 6. 0-0 Bg7 7. d4 cxd4 8. cxd4 0-0 9. Qb3 Nc7 10. Be2 d6 11. Rd1 b5 12. Nc3 Rb8 13. Bf4 d5 14. Rac1 Na5 15. Qc2 Bf5 16. Bd3 Bg4 17. Be2 Ne6 18. Be3 Nc4 19. b3 Nxe3 20. fxe3 Bh6 21. Kf2 Nc7 22. Nd2 e6 23. Nf1 Bf5 24. Bd3 Bxd3 25. Rxd3 f6 26. exf6 Qxf6+ 27. Kg1 Na6 28. Qe2 Rb7 29. Rdd1 Nc7 30. Rc2 e5 31. e4 exd4 32. Nxd5 Nxd5 33. exd5 Qh4 34. g3 Qf6 35. Qf2 Qxf2+ 36. Rxf2 Rxf2 37. Kxf2 Bg7 38. Rc1 Bf8 39. Kf3 Re7 40. d6 Rd7 41. Rc7 Rxd6 42. Ke2 d3+ 43. Kd1 Bh6 44. Nd2 a5 45. Rc8+ Bf8 46. Ne4 Re6 47. Nc5 Rd6 48. Ne4 Rd4 49. Nc5 Kf7 1-0

[Event "SRB-chT3 East CS"]
[Site "Kladovo"]
[Date "2016.10.16"]
[Round "11.54"]
[White "Jakovljevic, Dejan"]
[Black "Ninic, Dragoslav"]
[Result "1/2-1/2"]
[WhiteElo "2080"]
[BlackElo "2003"]
[PlyCount "49"]
[EventDate "2016.09.04"]
[EventType "team-tourn"]
[EventRounds "11"]
[EventCountry "SRB"]
[SourceTitle "EXT 2021"]
[Source "ChessBase"]
[SourceDate "2020.10.23"]
[SourceVersion "1"]
[SourceVersionDate "2020.10.23"]
[SourceQuality "1"]

1. e4 c5 2. Nc3 Nc6 3. g3 e6 4. Bg2 d6 5. d3 a6 6. Be3 Nge7 7. Nge2 Ng6 8. 0-0 Qc7 9. f4 Bd7 10. Kh1 Be7 11. a3 Bf6 12. d4 cxd4 13. Nxd4 0-0 14. Nce2 Rad8 15. c3 Nce7 16. Nf3 Bc6 17. Qc2 Rfe8 18. g4 Nc8 19. g5 Be7 20. h4 f5 21. h5 Bxe4 22. Qb3 Nf8 23. Ned4 Bd5 24. Qd1 Be4 25. Qb3 1/2-1/2

[Event "SRB Central-ch op-B 9th"]
[Site "Paracin"]
[Date "2016.07.11"]
[Round "5"]
[White "Nestorovic, Katarina"]
[Black "Jakovljevic, Dejan"]
[Result "0-1"]
[WhiteElo "1974"]
[BlackElo "2016"]
[PlyCount "72"]
[EventDate "2016.07.07"]
[EventType "swiss"]
[EventRounds "9"]
[EventCountry "SRB"]
[SourceTitle "CBM 173 Extra"]
[Source "ChessBase"]
[SourceDate "2016.08.29"]
[SourceVersion "1"]
[SourceVersionDate "2016.08.29"]
[SourceQuality "1"]

1. e4 e6 2. d4 d5 3. Nc3 Bb4 4. e5 Ne7 5. Bd2 b6 6. f4 Nf5 7. Nf3 Nc6 8. Bb5 Bd7 9. Bxc6 Bxc6 10. g4 Nh4 11. 0-0 h5 12. Nxh4 Qxh4 13. g5 f6 14. Kg2 Bxc3 15. Bxc3 Bb5 16. Rf3 fxg5 17. fxg5 Qxg5+ 18. Rg3 Qf5 19. a4 h4 20. Rg4 Ba6 21. h3 Rf8 22. Be1 Qf1+ 23. Kh2 Rf3 24. Rg2 0-0-0 25. Bxh4 Rh8 26. Qxf1 Bxf1 27. Rg3 Rf2+ 28. Kg1 Rxc2 29. Be7 Bxh3 30. b4 Bf5 31. Rg2 Rxg2+ 32. Kxg2 g5 33. Bf6 Rh7 34. Rc1 g4 35. Rc3 Be4+ 36. Kg1 Rh1+ 0-1

[Event "SRB Central-ch op-B 9th"]
[Site "Paracin"]
[Date "2016.07.08"]
[Round "2"]
[White "Jakovljevic, Dejan"]
[Black "Mijajlovic, Milutin"]
[Result "1-0"]
[WhiteElo "2016"]
[BlackElo "1797"]
[PlyCount "87"]
[EventDate "2016.07.07"]
[EventType "swiss"]
[EventRounds "9"]
[EventCountry "SRB"]
[SourceTitle "CBM 173 Extra"]
[Source "ChessBase"]
[SourceDate "2016.08.29"]
[SourceVersion "1"]
[SourceVersionDate "2016.08.29"]
[SourceQuality "1"]

1. e4 d5 2. Nc3 e6 3. d4 Bb4 4. e5 h6 5. a3 Ba5 6. Qg4 g6 7. Bd3 Ne7 8. Nge2 Nbc6 9. 0-0 a6 10. b4 Bb6 11. Na4 Nf5 12. c3 Nce7 13. Nc5 Bxc5 14. bxc5 c6 15. Rb1 Qd7 16. Qh3 Kd8 17. Bd2 Qe8 18. Rb6 Ra7 19. Rfb1 Kd7 20. g4 Ng7 21. Bxh6 g5 22. f4 gxf4 23. Nxf4 f5 24. exf6 Ngf5 25. gxf5 Nxf5 26. Bxf5 exf5 27. Qxf5+ Kc7 28. Qe5+ Qxe5 29. dxe5 Rxh6 30. f7 Rh8 31. Ng6 Rd8 32. f8Q Rxf8 33. Nxf8 Kd8 34. e6 Ke7 35. Rf1 Bxe6 36. Nxe6 Kxe6 37. h4 d4 38. cxd4 Kd5 39. Rf4 a5 40. h5 a4 41. h6 Ra8 42. h7 Kc4 43. Rg4 Rh8 44. Rxb7 1-0

[Event "SRB Central-ch op-B 8th"]
[Site "Paracin"]
[Date "2015.07.07"]
[Round "6"]
[White "Jakovljevic, Dejan"]
[Black "Nestorovic, Katarina"]
[Result "1-0"]
[WhiteElo "2006"]
[BlackElo "1820"]
[PlyCount "99"]
[EventDate "2015.07.03"]
[EventType "swiss"]
[EventRounds "9"]
[EventCountry "SRB"]
[SourceTitle "CBM 167 Extra"]
[Source "ChessBase"]
[SourceDate "2015.09.14"]
[SourceVersion "1"]
[SourceVersionDate "2015.09.14"]
[SourceQuality "1"]

1. e4 c5 2. Na3 e6 3. g3 d6 4. c3 Nf6 5. Bg2 Nc6 6. Ne2 Be7 7. 0-0 0-0 8. d4 cxd4 9. cxd4 a6 10. Be3 Bd7 11. h3 b5 12. Nc2 Rc8 13. Rc1 Qa5 14. a3 Qd8 15. Qd2 Na5 16. Qd3 Nc4 17. b3 Nxe3 18. Nxe3 Rxc1 19. Rxc1 Qb8 20. d5 Rc8 21. Rc3 Rxc3 22. Qxc3 Qc8 23. Qxc8+ Bxc8 24. Nd4 Bd7 25. Nec2 Ne8 26. Kf1 Bf6 27. Ke2 Kf8 28. Kd3 Ke7 29. Nb4 Nc7 30. f4 h6 31. Nbc2 Bxd4 32. Kxd4 f6 33. Kc3 g5 34. Kb4 Bc8 35. Ka5 exd5 36. exd5 Kd7 37. h4 Kd8 38. Nb4 Bb7 39. Kb6 Kc8 40. Bh3+ Kb8 41. Nc6+ Bxc6 42. Kxc6 gxf4 43. gxf4 Ne8 44. Kd7 Ng7 45. Kxd6 Nh5 46. Ke7 Nxf4 47. d6 Nd5+ 48. Ke8 f5 49. d7 Nf6+ 50. Ke7 1-0

[Event "Paracin-ch"]
[Site "Paracin"]
[Date "2015.01.18"]
[Round "6"]
[White "Maksimovic, Branimir"]
[Black "Jakovljevic, Dejan"]
[Result "1-0"]
[WhiteElo "2367"]
[BlackElo "2003"]
[PlyCount "69"]
[EventDate "2015.01.15"]
[EventType "swiss"]
[EventRounds "7"]
[EventCountry "SRB"]
[SourceTitle "CBM 164 Extra"]
[Source "ChessBase"]
[SourceDate "2015.03.02"]
[SourceVersion "1"]
[SourceVersionDate "2015.03.02"]
[SourceQuality "1"]

1. d4 Nf6 2. c4 e5 3. dxe5 Ng4 4. Bf4 Nc6 5. Nf3 Bb4+ 6. Nbd2 Qe7 7. a3 Ngxe5 8. Nxe5 Bxd2+ 9. Qxd2 Nxe5 10. e3 d6 11. Qc3 0-0 12. Be2 a5 13. c5 f6 14. cxd6 Qxd6 15. Rc1 c6 16. 0-0 Qe7 17. Rfd1 Bf5 18. Bg3 Rfe8 19. f3 Bg6 20. e4 Nf7 21. Bc4 Kh8 22. Bf1 a4 23. Qc2 Ne5 24. Re1 Bf7 25. f4 Bb3 26. Qc3 Nd7 27. Bd3 Rad8 28. Bb1 Nb6 29. e5 Nc4 30. Kh1 Rd2 31. exf6 Qf7 32. fxg7+ Kg8 33. Rxe8+ Qxe8 34. Qf6 Qf7 35. Bxh7+ 1-0